Le combat de pierre teilhard de chardin
Na minha lista:
| Autor principal: | |
|---|---|
| Formato: | Livro |
| Idioma: | Undetermined |
| Publicado em: |
Quebec, Canadá
Laval
1971
|
| Assuntos: | |
| Tags: |
Adicionar Tag
Sem tags, seja o primeiro a adicionar uma tag!
|
MARC
| LEADER | 00000nam a2200000Ia 4500 | ||
|---|---|---|---|
| 008 | 170316s9999 xx 000 0 und d | ||
| 090 | |a 230 B-2c | ||
| 100 | |a Barjon, Louis | ||
| 245 | |a Le combat de pierre teilhard de chardin | ||
| 260 | |a Quebec, Canadá | ||
| 260 | |b Laval | ||
| 260 | |c 1971 | ||
| 300 | |a 295 páginas | ||
| 650 | |a TEOLOGÍA | ||
| 999 | |c 17982 |d 17982 | ||
| 040 | |a cru BVZT | ||
| 942 | |c 15 D |h 230 B-2c |2 z | ||
